000
00303nam a2200133Ia 4500
005
20251222152721.0
008
251222s9999||||xx |||||||||||||| ||spa||
020
_a
8432065331
082
_a
800/P66
245
0
_a
Tres Novelas del Siglo de Oro
250
_a
1ra. ed.
264
_b
Planeta
942
_c
LIB
999
_c
29586
_d
29586